00612 2200193 4500001002100000005001500021035002000036007000300056008003900059082001000098084001600108100001900124245016600143260003000309300004400339650001100383650001000394022001400404INLIS00000000000095120240909095811 a0010-0924000029ta240909 | | |  a631.4 a631.4 SA a0 aSabullah, M.K.1 aAGRIVITA :bISOLATION AND CHARACTERIZATION OF A MOLYBDENUM-REDUCINGAND GLYPHOSATE-DEGRADING Klebsiella oxytocaSTRAIN SAW-5IN SOILS FROM SARAWAK /cSabullah, M.K. aMalang :bAGRIVITA,c2016 a1- 104 hlm, :bilus, ;c21 cm X 29,5 cm 4aJurnal 4aTanah a0126-0537